Aestimum

Bibliographic Details
Format: Journal
Language:Italian
Published: Firenze : Firenze University Press, 1953-
Subjects:
Online Access:http://www.vlex.com/source/7144

MARC

LEADER 00000nas a22000007a 4500
005 20130312153219.0
007 cr|||| ||||
008 130312c19539999it fr|p s|||| 0|||b1ita d
022 |a 15926117  
035 |a 7144 
040 |a vLex 
090 |c 3898  |d 3898 
245 0 0 |a Aestimum  |h [Recurso electrn̤ico]  
256 |a Servicio en ln̕ea 
260 |a Firenze :  |b Firenze University Press,  |c 1953- 
300 |a 1 Recurso electrn̤ico 
506 |d vLex Global  |d vLex Global (Academic Edition, excluding Law Schools)  |d vLex Global (U.S. Academic Edition, Law Schools)  |d vLex Global (U.S. Academic Edition, excluding Law Schools)  |d vLex Global (Academic Edition, Law Schools) 
650 0 4 |a Derecho del medio ambiente  |v Revistas 
740 |a vLex Revistas (Servicio en ln̕ea) 
856 |a Acceso restringido  |u http://www.vlex.com/source/7144 
942 |c REV 
999 0 |a Environmental law